000 00282nam a22001217a 4500
020 _a9788185015552
082 _a511.5
_bHAR/GR
100 _aHarary, Frank
245 _aGraph theory
260 _aNew Delhi
_bNarosa Publishing House
_c2001
700 _aKrishnamurthy,V
942 _cBK
999 _c13783
_d13783